00982nam a2200205 a 450000100100000000500170001000800410002702000180006804000250008610000560011124500910016726000680025830000200032670000310034671000550037795201050043295201110053795201110064899900170075900004027720201002034028.0130821s2009 mx 000 0 spa d a9789703204724 aDO-SdBNPbspacBNPHU1 aPardo Bazán, Emilia, Condesa ded1851-192196654813aUn destripador de antaño /cEmilia Pardo Bazán ;introducción Camilo Ayala Ochoa. aMéxico :bUniversidad Nacional Autónoma de México,c2009. a37 p. ;c18 cm.1 aAyala Ochoa, Camilo9665492 aUniversidad Nacional Autónoma de México942447 001050718MOaGRbGRcCTd2013-08-21iLF1l0o p40277-10r2020-06-25w2020-06-25y1ZNo se presta 001050718MOaGRbGRcCTd2013-08-21iLF1l0o p40277-20r2020-06-25te. 2w2020-06-25y1ZNo se presta 001050718MOaGRbGRcCTd2013-08-21iLF1l0o p40277-30r2020-06-25te. 3w2020-06-25y1ZNo se presta c39767d39767